00592nam a2200157 a 450000100100000000500170001004000250002708200150005211000610006724500860012826000540021430000270026804900090029595201130030499900170041700003028320200930060210.0 aDO-SdBNPbspacBNPHU axxxbR426e1 aRepública Dominicana.bSenado de la República95696110aEvaluación de las alternativas para dotar de agua a la ciudad de Santo Domingo. aSanto Domingo :bSenado de la República,c1984. a41 p. :bil. ;c22 cm. aBNPD 001050718MOaPDbPDcCTd2011-05-09iLF1l0oxxx R426ep30283-10r2020-06-25w2020-06-25y1ZNo se presta c29775d29775